Responses for show #8051 - Monday, September 16, 2019

Jason Zuffranieri game 12.

Contestants

Rodrigo Morante-Tirado, a financial analyst from Ottawa, Ontario, Canada

Laura Majors, a retired marketing director from Denver, Colorado

Jason Zuffranieri, a math teacher from Albuquerque, New Mexico (whose 11-day cash winnings total $332,243)

Jeopardy! Round responses

FAMILY TELEVISION
ACRONYMS & ABBREVS.
POPULAR INVENTION
ART & ARTISTS
GIMME "5"
200 YEARS OF WALT WHITMAN
    $200 24
The Jetsons

Jason
    $200 26
The Night Watch

Jason
    $200 27
[The end-of-round signal sounds.]

five-card

Jason
    $400 23
the Ewings

Laura
    $400 25
human growth hormone

Laura
    $400 22
(Rodrigo: What is licorice?)
...
(Alex: Less than a minute now.)

cotton candy

LauraRodrigo
    $400 13
The Thinker

Laura
    $400 21
a high five

Laura
    $400 20
Lincoln

Laura
    $600 16
Maggie

Jason
    $600 17
chief financial officer

Laura
    $600 18
(Laura: What is latex?)

(chewing) gum

JasonLaura
    $600 2
(Rodrigo: Who is David?)

Adam

JasonRodrigo
    $600 15
five o'clock shadow

Jason
    $600 19
slavery

Laura
    $800 9
Party of Five

Jason
    $800 7
(Rodrigo: What are data organizers?)

digital assistants

JasonRodrigo
    $800 12
boxing gloves

Laura
    $2,600 6
Rococo

Jason
    $800 14
a five-star general

Jason
    $800 11
(Laura: What is Leaves of Grass?)
(Rodrigo: What is the [*]?)

"Song of Myself"

LauraRodrigo
    $1000 8
the Cunninghams

Jason
    $1000 1
just so you know

Laura
    $1000 3
(Laura: What is Velcro?)
...
(Alex: Find a lot of it in my garage--what is [*]?)

duct tape

Laura
Triple Stumper
    $1000 4
(James Abbott McNeill) Whistler

Jason
    $1000 5
five-finger

Jason
    $1000 10
(Jason: Who is Longfellow?)

Emerson

JasonLaura

Scores at the first commercial break (after clue 15):

Jason Laura Rodrigo
$8,200 $1,400 -$600

Scores at the end of the Jeopardy! Round:

Jason Laura Rodrigo
$10,000 $4,000 -$1,000

Double Jeopardy! Round responses

WHICH PRESIDENT?
THIS CATEGORY HAS PLATEAUED
MYTHS & LEGENDS
COMEDY: YOU DIDN'T HAVE TO BE THERE
POTPOURRI
HERE COMES THE JUDGE WORD
    $400 28
[The end-of-round signal sounds.]

Hoover

Jason
    $400 2
Camelot

Jason
    $400 1
Chris Rock

Laura
    $400 26
(Alex: For those of you who are not aware, it's Batman's 80th anniversary, and this Saturday is Batman Day.)

the Joker

Laura
    $800 21
(Rodrigo: Who is FDR?)

Woodrow Wilson

Rodrigo
Triple Stumper
    $800 25
the Appalachians

Laura
    $800 22
Peeping Tom

Laura
    $800 12
No Respect

Jason
    $800 17
temptation

Jason
    $800 27
a moderator

Laura
    $1200 20
William Howard Taft

Triple Stumper
    $1200 24
Nigeria

Jason
    $1200 10
Easter Island

Rodrigo
    $1200 11
Eddie Murphy

Rodrigo
    $1200 9
Calgary

Laura
    $1200 23
(Alex: Less than a minute.)

assessor

Jason
    $7,000 8
John Adams & John Quincy Adams

Jason
    $3,000 13
Libya

Jason
    $1600 7
the Hesperides

Triple Stumper
    $1600 18
(Bob) Newhart

Jason
    $1600 16
a marlin

Rodrigo
    $1600 19
(Laura: Uh...what is the magi?)

magistrate

Laura
Triple Stumper
    $2000 3
(Rodrigo: Who is Truman?)

(Gerald) Ford

JasonRodrigo
    $2000 4
Tibet

Laura
    $2000 5
Bifröst

Jason
    $2000 6
Nanette

Triple Stumper
    $2000 15
Fibonacci

Jason
    $2000 14
arbiter

Jason

Scores at the end of the Double Jeopardy! Round:

Jason Laura Rodrigo
$34,400 $8,800 $200
(lock game)

[wagering suggestions for these scores]

Final Jeopardy! Round responses

EUROPEAN AUTHORS
[ERRATUM: "Nobel" was misspelled as "Noble" when the clue was shown at the bottom of the screen.]
RodrigoWho is Camus
$199
LauraWho is Tolstoy
$8,000
JasonWho is Goethe?
$10,000
Leo Tolstoy

Final scores:

Jason Laura Rodrigo
$24,400 $16,800 $1
12-day champion: $356,643 2nd place: $2,000 3rd place: $1,000

Game dynamics:

Coryat scores:

Jason Laura Rodrigo
$25,800 $8,800 $200
27 R
(including 3 DDs),
1 W
18 R,
4 W
4 R,
5 W

Combined Coryat: $34,800

The J! Archive is created by fans, for fans. The Jeopardy! game show and all elements thereof, including but not limited to copyright and trademark thereto, are the property of Jeopardy Productions, Inc. and are protected under law. This website is not affiliated with, sponsored by, or operated by Jeopardy Productions, Inc. Join the discussion at JBoard.tv.